On modi time: (Record no. 150452)

MARC details
000 -LEADER
fixed length control field 00609nam a22001937a 4500
005 - DATE AND TIME OF LATEST TRANSACTION
control field 20180321144423.0
010 ## - LCCN (DPL NO)
LC control number ENG-122359
020 ## - INTERNATIONAL STANDARD BOOK NUMBER
International Standard Book Number 9789385485046
Terms of availability 450.00
035 ## - SYSTEM CONTROL NUMBER
System control number EN-105891
037 ## - SOURCE OF ACQUISITION
Source of stock number/acquisition DBAD/PUB
082 ## - DEWEY DECIMAL CLASSIFICATION NUMBER
Classification number 320.550954
100 ## - MAIN ENTRY--PERSONAL NAME
Personal name Elst, Koenraad
245 ## - TITLE STATEMENT
Title On modi time:
Statement of responsibility, etc by Koenraad Elst
Remainder of title Merits and flaws of hindu activism in its day of incumbency/
250 ## - EDITION STATEMENT
Edition statement 1st ed.
260 ## - PUBLICATION, DISTRIBUTION, ETC. (IMPRINT)
Place of publication, distribution, etc New Delhi
Name of publisher, distributor, etc Voice of India
Date of publication, distribution, etc 2015
270 ## - ADDRESS
Address 2/18, Ansari Road Daryaganj,
City New Delhi
Postal code 110002
300 ## - PHYSICAL DESCRIPTION
Extent 254p.
Dimensions 25cm.(Hb)
Other physical details ill.
942 ## - ADDED ENTRY ELEMENTS (KOHA)
Source of classification or shelving scheme Dewey Decimal Classification
Item type English Books
Classification part 320.550954
Call number suffix ELS
Holdings
Withdrawn status Lost status Not for loan Collection code Home library Current library Date acquired Source of acquisition Cost, normal purchase price Full call number Barcode Copy number Cost, replacement price Koha item type
    Not For Loan Non-fiction D.B.Act.Division Bawana 21/03/2018 DBAD/PUB 450.00 320.550954 ELS EN-105891 1 450.00 English Books

© Delhi Public Library
Hit Counter
free hit counter